[Event "GER-chT U20 Girls"]
[Site "Kiel"]
[Date "2022.07.26"]
[Round "7.2"]
[White "Neitzel, Emma"]
[Black "Peglau, Mirjam"]
[Result "0-1"]
[WhiteElo "1135"]
[BlackElo "1876"]
[PlyCount "78"]
[EventDate "2022.07.22"]
[EventType "team-swiss"]
[EventRounds "7"]
[EventCountry "GER"]
[SourceTitle "CBM 209 Extra"]
[Source "ChessBase"]
[SourceDate "2022.09.30"]
[SourceVersion "1"]
[SourceVersionDate "2022.09.30"]
[SourceQuality "1"]
[WhiteTeam "Elmshorn"]
[BlackTeam "Seeblick"]
[WhiteTeamCountry "GER"]
[BlackTeamCountry "GER"]

1. d4 d5 2. c4 e6 3. Nc3 Nf6 4. Nf3 Be7 5. Bf4 0-0 6. e3 c6 7. cxd5 Nxd5 8. Nxd5 exd5 9. a3 a5 10. Bd3 h6 11. 0-0 g5 12. Be5 f6 13. Qc2 fxe5 14. Bh7+ Kh8 15. Nxe5 Rf6 16. Ng6+ Kxh7 17. Nxe7+ Kg7 18. Nxc8 Qxc8 19. e4 dxe4 20. Qxe4 Qe6 21. Rfe1 Qxe4 22. Rxe4 Nd7 23. g3 Raf8 24. Re7+ R8f7 25. Rxf7+ Kxf7 26. b4 a4 27. Rb1 Rf3 28. b5 Rxa3 29. bxc6 bxc6 30. Rb7 Ke6 31. Rc7 Kd6 32. Rc8 Ra1+ 33. Kg2 a3 34. Ra8 a2 35. Ra5 Nb6 36. Kf3 Nd5 37. Ke2 Nb4 38. Kd2 Rb1 39. Kc3 Nd5+ 0-1

[Event "GER-chT U20 Girls"]
[Site "Willingen"]
[Date "2021.06.26"]
[Round "5.5"]
[White "Malinowsky, Celina"]
[Black "Neitzel, Emma"]
[Result "1-0"]
[WhiteElo "1372"]
[BlackElo "1029"]
[PlyCount "71"]
[EventDate "2021.06.23"]
[EventType "team-swiss"]
[EventRounds "7"]
[EventCountry "GER"]
[SourceTitle "CBM 203 Extra"]
[Source "ChessBase"]
[SourceDate "2021.09.30"]
[SourceVersion "1"]
[SourceVersionDate "2021.09.30"]
[SourceQuality "1"]
[WhiteTeam "Kiel Doppelbauer"]
[BlackTeam "Elmshorn"]
[WhiteTeamCountry "GER"]
[BlackTeamCountry "GER"]

1. Nf3 d5 2. g3 Nf6 3. Bg2 g6 4. 0-0 Bg7 5. d3 0-0 6. Nbd2 Nc6 7. Re1 b6 8. e4 dxe4 9. dxe4 Bb7 10. Qe2 e5 11. Nc4 Nd4 12. Nxd4 Qxd4 13. Rd1 Qc5 14. Be3 Qe7 15. Bd2 Rfd8 16. Bc3 Rxd1+ 17. Rxd1 Ba6 18. Qd3 Bxc4 19. Qxc4 Re8 20. Bh3 Rd8 21. Rxd8+ Qxd8 22. Bxe5 Qd1+ 23. Kg2 c5 24. Qd3 Qxd3 25. cxd3 Ne8 26. Bxg7 Kxg7 27. Kf3 Kf6 28. Ke3 h5 29. d4 cxd4+ 30. Kxd4 Ke7 31. Kd5 Nd6 32. e5 Nb7 33. Kc6 Nd8+ 34. Kb5 f5 35. Bg2 Ke6 36. f4 1-0

[Event "GER-chT U20 Girls"]
[Site "Willingen"]
[Date "2021.06.24"]
[Round "1.4"]
[White "Neitzel, Emma"]
[Black "Peglau, Charis"]
[Result "0-1"]
[WhiteElo "1029"]
[BlackElo "1726"]
[PlyCount "122"]
[EventDate "2021.06.23"]
[EventType "team-swiss"]
[EventRounds "7"]
[EventCountry "GER"]
[SourceTitle "CBM 203 Extra"]
[Source "ChessBase"]
[SourceDate "2021.09.30"]
[SourceVersion "1"]
[SourceVersionDate "2021.09.30"]
[SourceQuality "1"]
[WhiteTeam "Elmshorn"]
[BlackTeam "Seeblick"]
[WhiteTeamCountry "GER"]
[BlackTeamCountry "GER"]

1. d4 Nf6 2. c4 e6 3. Nc3 Bb4 4. Bd2 0-0 5. g3 d5 6. c5 b6 7. cxb6 axb6 8. Nf3 c5 9. a3 Bxc3 10. Bxc3 Bd7 11. Bg2 Ne4 12. 0-0 Ba4 13. Qc1 Nd7 14. Ne5 Nxc3 15. Qxc3 Nxe5 16. dxe5 Bc6 17. b4 d4 18. Qc4 Bd5 19. Bxd5 exd5 20. Qb5 Qc7 21. Rfe1 Rfb8 22. Rab1 Qxe5 23. bxc5 Ra5 24. Qd7 bxc5 25. Rxb8+ Qxb8 26. Qxd5 Qa8 27. Qxa8+ Rxa8 28. Rb1 Kf8 29. Rc1 Ra5 30. Kg2 Ke7 31. e3 dxe3 32. fxe3 Kd6 33. Rd1+ Kc6 34. Rd3 c4 35. Rc3 Kc5 36. Kf3 Rb5 37. a4 Ra5 38. Ke2 Rxa4 39. Kd2 Ra2+ 40. Rc2 Rxc2+ 41. Kxc2 Kd5 42. Kd2 Ke4 43. Kc3 Kxe3 44. Kxc4 Kf3 45. Kd5 Kg2 46. Kd6 Kxh2 47. Ke7 Kxg3 48. Kxf7 h5 49. Kxg7 h4 50. Kf6 h3 51. Kf5 h2 52. Ke4 h1Q+ 53. Ke3 Qe1+ 54. Kd4 Kf4 55. Kc4 Qd2 56. Kb3 Ke4 57. Kc4 Qc2+ 58. Kb4 Kd4 59. Ka5 Qb3 60. Ka6 Kc5 61. Ka5 Qb5# 0-1

[Event "GER-chT U14 Girls"]
[Site "Neumuenster"]
[Date "2019.12.28"]
[Round "3.8"]
[White "Neitzel, Emma"]
[Black "Kiessling, Luisa"]
[Result "1-0"]
[WhiteElo "931"]
[BlackElo "865"]
[PlyCount "69"]
[EventDate "2019.12.27"]
[EventType "team-swiss"]
[EventRounds "7"]
[EventCountry "GER"]
[SourceTitle "CBM 194 Extra"]
[Source "ChessBase"]
[SourceDate "2020.03.31"]
[SourceVersion "1"]
[SourceVersionDate "2020.03.31"]
[SourceQuality "1"]
[WhiteTeam "Elmshorn"]
[BlackTeam "Leipzig Lindenau"]
[WhiteTeamCountry "GER"]
[BlackTeamCountry "GER"]

1. d4 d5 2. c4 dxc4 3. e4 Nc6 4. Nf3 Nf6 5. Nc3 Bg4 6. Be2 e6 7. h3 Bh5 8. Bg5 h6 9. Bh4 Bb4 10. e5 Be7 11. exf6 Bxf6 12. Bxf6 Qxf6 13. 0-0 0-0 14. Ne5 Nxe5 15. dxe5 Qxe5 16. Bxh5 Rad8 17. Qe2 Qf6 18. Rad1 Rde8 19. Qxc4 c6 20. Rd7 g6 21. Bf3 b5 22. Qd4 e5 23. Qd6 Re6 24. Qc7 Ree8 25. Bg4 Re7 26. Ne4 Qg7 27. Rfd1 h5 28. Nd6 Ra8 29. Bf3 Kh7 30. Nxf7 Ree8 31. Ng5+ Kh6 32. Rxg7 Kxg5 33. Qd6 e4 34. Qxg6+ Kh4 35. Qg3# 1-0

[Event "GER-chT U14 Girls"]
[Site "Neumuenster"]
[Date "2019.12.27"]
[Round "1.8"]
[White "Neitzel, Emma"]
[Black "Sinner, Joselyne"]
[Result "0-1"]
[WhiteElo "931"]
[BlackElo "1407"]
[PlyCount "92"]
[EventDate "2019.12.27"]
[EventType "team-swiss"]
[EventRounds "7"]
[EventCountry "GER"]
[SourceTitle "CBM 194 Extra"]
[Source "ChessBase"]
[SourceDate "2020.03.31"]
[SourceVersion "1"]
[SourceVersionDate "2020.03.31"]
[SourceQuality "1"]
[WhiteTeam "Elmshorn"]
[BlackTeam "Porz SG"]
[WhiteTeamCountry "GER"]
[BlackTeamCountry "GER"]

1. d4 d5 2. c4 e6 3. Nc3 Nf6 4. Nf3 Be7 5. Bf4 Nbd7 6. a3 a6 7. cxd5 exd5 8. e3 0-0 9. Bd3 c5 10. e4 cxd4 11. Nxd4 Bc5 12. e5 Re8 13. Nf3 Ng4 14. b4 Bxf2+ 15. Kf1 Be3 16. Nxd5 Bxf4 17. Nxf4 Ne3+ 18. Ke2 Nxd1 19. Raxd1 Qb6 20. Nd5 Qd8 21. Ne3 b5 22. Rhf1 h6 23. Nf5 Qb6 24. Be4 Rb8 25. Rd6 Qa7 26. N5d4 Rb6 27. Rc1 Rxd6 28. Nc6 Rxc6 29. Rxc6 Qb8 30. Rd6 Nxe5 31. Rd5 Nxf3 32. Kxf3 Bb7 33. Rd4 Bxe4+ 34. Rxe4 Rxe4 35. Kxe4 Qxh2 36. g4 Qb2 37. a4 Qxb4+ 38. Kd5 Qxa4 39. Kc6 b4+ 40. Kc5 b3 41. g5 b2 42. gxh6 gxh6 43. Kd5 b1R 44. Kd6 Rc1 45. Ke7 Qd4 46. Ke8 Re1# 0-1